Japanese Vocabulary /

The most frequently used Japanese vocabulary words in a 6-page guide.

書誌詳細
第一著者: Uo, Sumiko
フォーマット: 図書
言語:English
Japanese
出版事項: Boca Raton, FL : Barcharts, 2005.
主題:
Classic Catalogue: View this record in Classic Catalogue
LEADER 03128nam a22003497a 4500
001 45073
003 BD-DhAAL
005 20251116164325.0
008 251116t2005 xx ||||| |||| 00| 0 eng d
020 |a 9781572229198 
020 |a 1572229195 
040 |a BD-DhAAL  |c BD-DhAAL 
041 |a eng  |a jpn 
082 |a 495.683421  |2 23 
100 |a Uo, Sumiko.  |9 59799 
245 |a Japanese Vocabulary /   |c Sumiko Uo. 
260 |a Boca Raton, FL :  |b Barcharts,  |c 2005. 
300 |a 6 pages ;  |c 28 cm + (1 plastic sheet) 
520 |a The most frequently used Japanese vocabulary words in a 6-page guide. 
526 |a CSE  |x Annajiat Alim Rasel Senior Lecturer Department of Computer Science and Engineering BRAC University Course Name and No. : Japanese Language and General for ITEE (JPN 101)  
541 |a Book Finder International  |e 45073, 45074, 45075, 45076, 45077 
650 |a Japanese language  |x Vocabulary. 
650 |a Japanese language  |x Conversation and phrase books  |x English.  |9 59835 
650 |a Japanese language   |x Grammar.  |9 59307 
650 |x Glossaries, vocabularies, etc. 
942 |2 ddc  |c BK 
999 |c 47638  |d 47638 
952 |0 0  |1 0  |2 ddc  |4 0  |6 495_683421000000000_UOS  |7 1  |9 78491  |a BRACUL  |b BRACUL  |c CIR  |d 2025-11-04  |e Book Finder International   |g 1470.00  |l 0  |o 495.683421 UOS  |p 3010045077  |r 2025-11-04  |t 5  |v 2940.00  |w 2025-11-04  |y RSV  |x Requisitioned by Annajiat Alim Rasel (Senior Lecturer, Department of Computer Science and Engineering, BRAC University) for the course named - 'Japanese Language and General for ITEE (JPN 101)' 
952 |0 0  |1 0  |2 ddc  |4 0  |6 495_683421000000000_UOS  |7 1  |9 78492  |a BRACUL  |b BRACUL  |c CIR  |d 2025-11-04  |e Book Finder International   |g 1470.00  |l 0  |o 495.683421 UOS  |p 3010045073  |r 2025-11-04  |t 1  |v 2940.00  |w 2025-11-04  |y RSV  |x Requisitioned by Annajiat Alim Rasel (Senior Lecturer, Department of Computer Science and Engineering, BRAC University) for the course named - 'Japanese Language and General for ITEE (JPN 101)' 
952 |0 0  |1 0  |2 ddc  |4 0  |6 495_683421000000000_UOS  |7 1  |9 78493  |a BRACUL  |b BRACUL  |c CIR  |d 2025-11-04  |e Book Finder International   |g 1470.00  |l 0  |o 495.683421 UOS  |p 3010045074  |r 2025-11-04  |t 2  |v 2940.00  |w 2025-11-04  |y RSV  |x Requisitioned by Annajiat Alim Rasel (Senior Lecturer, Department of Computer Science and Engineering, BRAC University) for the course named - 'Japanese Language and General for ITEE (JPN 101)' 
952 |0 0  |1 0  |2 ddc  |4 0  |6 495_683421000000000_UOS  |7 1  |9 78494  |a BRACUL  |b BRACUL  |c CIR  |d 2025-11-04  |e Book Finder International   |g 1470.00  |l 0  |o 495.683421 UOS  |p 3010045076  |r 2025-11-04  |t 4  |v 2940.00  |w 2025-11-04  |y RSV  |x Requisitioned by Annajiat Alim Rasel (Senior Lecturer, Department of Computer Science and Engineering, BRAC University) for the course named - 'Japanese Language and General for ITEE (JPN 101)' 
952 |0 0  |1 0  |2 ddc  |4 0  |6 495_683421000000000_UOS  |7 1  |9 78495  |a BRACUL  |b BRACUL  |c CIR  |d 2025-11-04  |e Book Finder International   |g 1470.00  |l 0  |o 495.683421 UOS  |p 3010045075  |r 2025-11-04  |t 3  |v 2940.00  |w 2025-11-04  |y RSV  |x Requisitioned by Annajiat Alim Rasel (Senior Lecturer, Department of Computer Science and Engineering, BRAC University) for the course named - 'Japanese Language and General for ITEE (JPN 101)'